A grammar of the Arabic language (Record no. 26704)

MARC details
000 -LEADER
fixed length control field 00440nam a2200193Ia 4500
020 ## - INTERNATIONAL STANDARD BOOK NUMBER
ISBN 8171513379
050 ## - CALL MARK
Classification number PJ 307 .W75/
100 ## - STATEMENT OF RESPONSIBILITY--MAIN AUTHOR NAME
Personal name Wright, W.
245 #2 - TITLE STATEMENT
Title A grammar of the Arabic language
250 ## - EDITION / VOLUME STATEMENT
Edition / Volume statement 3. bs.
260 ## - PUBLICATION, DISTRIBUTION, ETC. (IMPRINT)
Place of publication New Delhi
260 ## - PUBLICATION, DISTRIBUTION, ETC. (IMPRINT)
Name of publisher Kitab Bhavan
260 ## - PUBLICATION, DISTRIBUTION, ETC. (IMPRINT)
Year of publication 1975
300 ## - PHYSICAL DESCRIPTION
Number of Pages 317 p
650 ## - SUBJECT ADDED ENTRY--TOPICAL TERM
Topical Term Arabic grammar
942 ## - ADDED ENTRY ELEMENTS (KOHA)
Koha item type Books
Holdings
Withdrawn status Lost status Source of classification or shelving scheme Damaged status Not for loan Permanent Location Current Location Shelving location Date acquired Full call number Accession Number Price effective from Koha item type
    Library of Congress Classification     NILE UNIVERSITY OF NIGERIA - MAIN LIBRARY NILE UNIVERSITY OF NIGERIA - MAIN LIBRARY Items on shelf 04/23/2025 PJ 307 .W75 0184501 04/23/2025 Books